Vyhodnocení a využití účetních výkazů pro manažery, společníky a akcionáře

Saved in:
Bibliographic Details
Main Author: Bařinová, Dagmar
Other Authors: Vozňáková, Iveta
Format: Book
Language:Czech
Published: Praha Grada Publishing 2005
Series:Účetnictví a daně
Subjects:
Tags: Add Tag
No Tags, Be the first to tag this record!

MARC

LEADER 00000nam$a2200000$$$4500
001 0035321
005 20240313133640.4
020 |a 80-247-1115-X 
041 0 |a cze 
044 |a CZ 
245 1 0 |a Vyhodnocení a využití účetních výkazů pro manažery, společníky a akcionáře  |c Dagmar Bařinová, Iveta Vozňáková 
264 1 |a Praha  |b Grada Publishing  |c 2005 
300 |a 99 s. 
490 1 |a Účetnictví a daně 
830 0 |a Účetnictví a daně 
610 2 0 |a výkazy účtovné 
610 2 0 |a analýza ekonomická 
610 2 0 |a ukazovatele ekonomické 
610 2 0 |a závierka účtovná 
610 2 0 |a závierka účtovná konsolidovaná 
610 2 0 |a súvaha 
610 2 0 |a hospodárstvo podniku finančné 
610 2 0 |a cash flow 
610 2 0 |a analýza finančná 
610 2 0 |a osnova účtová 
100 1 |a Bařinová, Dagmar 
700 1 |a Vozňáková, Iveta